| 000 | 00680cam a2200205 i 4500 | ||
|---|---|---|---|
| 001 | 25763 | ||
| 003 | Mx-PuUPA | ||
| 005 | 20260114103304.0 | ||
| 008 | 140415s1999 000 0 spa d | ||
| 040 | _cMx-PuUPA | ||
| 041 | 0 | _aspa | |
| 082 |
_a686.2 _bMAG |
||
| 100 |
_aSznajder, Mario _eautor |
||
| 245 |
_aHistoria mínima de Israel / _cMario Sznajder |
||
| 250 | _aPrimera edición | ||
| 264 | 1 |
_aCiudad de México, México : _bEl Colegio de México, Centro de Estudios Históricos, _c2017 |
|
| 300 |
_a287 páginas : _bilustraciones ; _c21 cm |
||
| 942 |
_2ddc _cLI _hxx _ixx |
||
| 999 |
_c25763 _d25763 |
||